№ 1; Библиотековедение

Bibliografiset tiedot
Parent link:Библиотековедение: журнал. № 1.— , 1993-
Kieli:venäjä
Julkaistu: 2014
Aineistotyyppi: MixedMaterials Kirja
KOHA link:https://koha.lib.tpu.ru/cgi-bin/koha/opac-detail.pl?biblionumber=532558

MARC

LEADER 00000nam2a2200000 4500
001 532558
005 20231101112929.0
035 |a (RuTPU)RU\TPU\prd\219365 
090 |a 532558 
100 |a 20140610a19939999km y0rusy50 ca 
101 0 |a rus 
102 |a RU 
200 0 |a № 1 
210 |d 2014 
461 1 |0 (RuTPU)RU\TPU\prd\1339  |t Библиотековедение  |o журнал  |v № 1  |d 1993- 
801 0 |a RU  |b 63413507  |c 20010227  |g PSBO 
801 1 |a RU  |b 63413507  |c 20140610 
801 2 |a RU  |b 63413507  |c 20221014  |g RCR 
942 |c BK 
999 |a НТБ_ТПУ  |b НФ  |e -1/20140109  |p П-9365  |s 4/20130930  |u 0,00  |v 1  |y 13821000668892